01538nab a22002777a 4500999001500000003000400015005001700019008004100036040000700077100003200084245012100116260007300237300001500310500007500325505024500400505016300645505008900808650003500897650002600932650002900958650004000987650005101027650002701078773014201105942001301247 c6360d6360OSt20260131200748.0190603e xxum|||| |||| 00| 0 spa d cPJ 97005aRoldán, Gustavo E. 13aEl cuidado como derecho humano autónomo :banálisis de la Opinión Consultiva OC 31-25 /cGustavo E. Roldán.  cCiudad Autónoma de Buenos Aires :aThomson Reuters La Ley, b2025. ap. 144-154 aCita: TR LALEY AR/DOC/2798/2025 Publicado en: RCCyC 2025 (Diciembre). a Sumario: I. Introducción.— II. Contexto normativo y convencional.— III. La Opinión Consultiva OC-31/25: reconocimiento del cuidado como derecho humano.— IV. Reflexiones y posibles tensiones.— V. Opinión.— VI. Conclusión.  aFallo comentado: Corte IDH ~ 12/06/2025 ~ Opinión Consultiva OC-31/25 s/ contenido y alcance del derecho al cuidado y su interrelación con otros derechos. t¿Te interesa el texto completo? Solicitalo al correo: koha@justierradelfuego.gov.ar 091497aCODIGO CIVIL Y COMERCIAL 09614aDERECHOS HUMANOS 091253aDERECHO A LA SALUD 0aSITUACIÓN DE VULNERABILIDAD94695 0aCORTE INTERAMERICANA DE DERECHOS HUMANOS93377 0aDEBER DE CUIDADO936370 0271393170dCiudad Autónoma de Buenos Aires : Thomson Reuters La Ley, 2015-tRevista Código Civil y Comercial. Nº 6 - Diciembre 2025 2udccANA